| 000 | 00457nam a22001817a 4500 | ||
|---|---|---|---|
| 005 | 20230529114102.0 | ||
| 008 | 230529b ||||| |||| 00| 0 eng d | ||
| 040 |
_aIN-DiNC _cIN-DiNC |
||
| 041 | _dasm | ||
| 082 |
_a398.09145 _bGOG |
||
| 100 |
_aGogoi, Lila _eauthor |
||
| 245 |
_aBihu: _beti samiksha/ _cby Lila Gogoi |
||
| 250 | _a2nd ed. | ||
| 260 |
_aGuwahati: _bGranthapeeth, _c1987. |
||
| 300 | _a122p. | ||
| 650 | _aBihu festival | ||
| 942 |
_2ddc _cBK |
||
| 999 |
_c11542 _d11542 |
||